000 00426nam a2200157Ia 4500
008 210210b1970 xxu||||| |||| 00| 0 eng d
020 _a435 27350 7
082 _a395.4 GORP
100 _aGORDON (Ian).
245 _aPractical letter writing with exercises and worked examples.
260 _aND
_bHeinemann Educational Books
_c1970
300 _a120
650 _aletter writing
690 _aEtiquette
906 _aSG00966
999 _c112067
_d112067